000 00506nam a22001697a 4500
005 20251108173003.0
008 250721s9999 xx 000 0 ara d
082 1 4 _aم/216.22/سدل
100 1 _aالسدلان، صالح بن غانم
245 1 0 _aصلاه الجماعه /
264 1 _aالرياض :
_bدار بلنسية للنشر و التوزيع،
300 _a232ص
650 1 7 _aالفقه الإسلامي
650 1 7 _aصلاة الجماعة
942 _2ddc
_cREF
999 _c93435
_d93435